[Event "GER-chT Christmas U20"]
[Site "Playchess.com INT"]
[Date "2020.12.29"]
[Round "3.3"]
[White "Mueller, Milo"]
[Black "Kroschel, Anton"]
[Result "0-1"]
[WhiteElo "1232"]
[BlackElo "1754"]
[PlyCount "70"]
[EventDate "2020.12.29"]
[EventType "team-swiss (blitz)"]
[EventRounds "7"]
[EventCountry "GER"]
[SourceTitle "CBM 200 Extra"]
[Source "ChessBase"]
[SourceDate "2021.03.31"]
[SourceVersion "1"]
[SourceVersionDate "2021.03.31"]
[SourceQuality "1"]
[WhiteTeam "Windischeschenbach"]
[BlackTeam "Luebeck"]
[WhiteTeamCountry "GER"]
[BlackTeamCountry "GER"]

1. e4 c5 2. Nc3 e6 3. f4 d5 4. Nf3 dxe4 5. Nxe4 Nc6 6. Bb5 Bd7 7. 0-0 Nf6 8. d3 a6 9. Bxc6 Bxc6 10. Nxf6+ Qxf6 11. c3 Be7 12. Ne5 Rc8 13. Nxc6 Rxc6 14. Qf3 0-0 15. Bd2 Rd8 16. Rad1 b5 17. Qxc6 b4 18. Qe4 a5 19. Rf3 Bd6 20. Rh3 h6 21. Rf1 a4 22. Rff3 a3 23. b3 bxc3 24. Bc1 c2 25. Qe2 c4 26. bxc4 Qc3 27. Rf2 Bc5 28. Re3 Bxe3 29. Qxe3 Rxd3 30. Qe2 Qxc4 31. g3 Rd1+ 32. Kg2 Qd5+ 33. Kh3 Rxc1 34. Qd2 Qh5+ 35. Kg2 Rg1+ 0-1

[Event "GER-ch U10"]
[Site "Willingen"]
[Date "2018.05.23"]
[Round "6"]
[White "Mueller, Milo"]
[Black "Klonov, Jakov"]
[Result "0-1"]
[WhiteElo "1443"]
[BlackElo "1362"]
[PlyCount "122"]
[EventDate "2018.05.19"]
[EventType "swiss"]
[EventRounds "11"]
[EventCountry "GER"]
[SourceTitle "CBM 184 Extra"]
[Source "ChessBase"]
[SourceDate "2018.06.28"]
[SourceVersion "1"]
[SourceVersionDate "2018.06.28"]
[SourceQuality "1"]

1. e4 c5 2. Nf3 Nc6 3. d4 cxd4 4. Nxd4 g6 5. Nc3 Bg7 6. Be3 Nf6 7. Nxc6 bxc6 8. e5 Ng8 9. Bd4 e6 10. Bc4 Qc7 11. 0-0 Bxe5 12. Bxe5 Qxe5 13. Re1 Qg7 14. Qd6 Ne7 15. Rad1 Nf5 16. Qc7 0-0 17. Na4 Qf6 18. Bd3 Ng7 19. b3 Ne8 20. Qg3 d5 21. c4 Ba6 22. cxd5 Bxd3 23. Qxd3 cxd5 24. Nc5 Qd8 25. Qb5 Nd6 26. Qa4 Qc8 27. Rc1 Qd8 28. Red1 Qe7 29. Qd4 Nf5 30. Qe5 Rac8 31. Nd3 Rxc1 32. Rxc1 Qd6 33. Qc3 Ne7 34. Qf6 Rc8 35. Rxc8+ Nxc8 36. g3 Qe7 37. Qe5 Qd6 38. Qc3 Nb6 39. Qd2 Qc7 40. Kg2 Nd7 41. f4 Nc5 42. Qc3 Na6 43. Qd2 Qb7 44. Qe1 Qb5 45. Ne5 Qb4 46. Qf2 Qb6 47. Qxb6 axb6 48. Kf2 Kg7 49. Nd3 Kf6 50. Ke3 Ke7 51. Kd4 Kd6 52. a3 Nc5 53. Nxc5 bxc5+ 54. Kc3 Kc6 55. b4 cxb4+ 56. Kxb4 Kb6 57. a4 Kc6 58. Kc3 Kc5 59. h3 f6 60. Kd3 e5 61. h4 e4+ 0-1